Štítková tabuľa s čapovými spojmi. CG 09F 7/18

Bibliographic Details
Main Author: Bušová, Eva (Author)
Format: Book
Language:Undetermined
PhysicalDescription:7 s.
Published: Banská Bystrica Úrad priemyselného vlastníctva SR 2001

MARC

LEADER 00000nam a2200000 a 4500
001 vtls001415380
003 SK-MaSNL
005 20260302035147.0
008 240314sm y0 xo 0 und
035 |a SNK000370115 
040 |a SNK  |b slo  |c SNK  |e AACR2 
044 |a xo  |c SK 
100 1 |a Bušová, Eva  |4 aut  |9 297878 
245 1 0 |a Štítková tabuľa s čapovými spojmi. CG 09F 7/18 
260 |a Banská Bystrica  |b Úrad priemyselného vlastníctva SR  |c 2001 
300 |a 7 s. 
999 |c 1069521  |d 1071451 
952 |t P60, <04>, [BOOK], {604}  |a SNK  |b SNK  |y VYP  |7 0  |p 17A0303845  |o snkSK 281107  |i snkPS 425/2001  |0 0  |1 0  |4 0  |d 2001-06-15  |l 0  |r 2005-01-02 00:00:00  |w 2026-02-24